ATP Grand Slam Winners 1915-2026 - Statistics

General Stats
  • This quiz has been taken 27 times
  • The average score is 206 of 410
Answer Stats
Grand Slam Champion % Correct
2012 US | 2013 Wimbledon | 2016 Wimbledon Andy Murray
100%
1917 US | 1918 US Lindley Murray
100%
2008 Australian | 2011 Australian | 2011 US | +21 others Novak Djokovic
100%
1992 Wimbledon | 1994 US | 1995 Australian | +5 others Andre Agassi
96%
2022 US | 2023 Wimbledon | 2024 French | +4 others Carlos Alcaraz
96%
2024 Australian | 2024 US | 2025 Australian | 2025 Wimbledon Jannik Sinner
96%
2005 French | 2006 French | 2007 French | +19 others Rafael Nadal
96%
2003 Wimbledon | 2004 Australian | 2004 US | +17 others Roger Federer
96%
2009 US Juan Martin del Potro
92%
1990 US | 1993 US | 1993 Wimbledon | +11 others Pete Sampras
92%
2014 Australian | 2015 French | 2016 US Stan Wawrinka
92%
2021 US Daniil Medvedev
88%
1979 US | 1980 US | 1981 US | +4 others John McEnroe
88%
2014 US Marin Cilic
88%
2003 US Andy Roddick
83%
1974 French | 1975 French | 1976 Wimbledon | +8 others Bjorn Borg
83%
2020 US Dominic Thiem
83%
1968 US | 1970 Australian | 1975 Wimbledon Arthur Ashe
79%
1985 Wimbledon | 1986 Wimbledon | 1989 US | +3 others Boris Becker
79%
2001 Wimbledon Goran Ivanisevic
79%
2000 US | 2005 Australian Marat Safin
79%
1984 French | 1985 US | 1986 French | +5 others Ivan Lendl
75%
2001 US | 2002 Wimbledon Lleyton Hewitt
75%
1997 French | 2000 French | 2001 French Gustavo Kuerten
71%
1974 Australian | 1974 US | 1974 Wimbledon | +5 others Jimmy Connors
71%
2003 French Juan Carlos Ferrero
71%
1985 Australian | 1987 Australian | 1988 Wimbledon | +3 others Stefan Edberg
71%
1991 French | 1992 Australian | 1992 French | 1993 Australian Jim Courier
67%
1960 Australian | 1961 Wimbledon | 1962 Australian | +8 others Rod Laver
67%
1982 French | 1983 Australian | 1984 Australian | +4 others Mats Wilander
63%
1989 French Michael Chang
63%
1997 US | 1998 US Patrick Rafter
63%
1996 French | 1999 Australian Yevgeny Kafelnikov
63%
2002 French Albert Costa
58%
1998 French Carlos Moya
58%
1967 US | 1967 Wimbledon | 1970 Wimbledon | +4 others John Newcombe
58%
2002 Australian Thomas Johansson
58%
1995 French Thomas Muster
58%
1983 French Yannick Noah
58%
2004 French Gaston Gaudio
54%
1977 French | 1977 US | 1978 Australian | 1979 Australian Guillermo Vilas
54%
1972 US | 1973 French Ilie Nastase
54%
1987 Wimbledon Pat Cash
54%
1998 Australian Petr Korda
54%
1996 Wimbledon Richard Krajicek
54%
1971 US | 1972 Wimbledon Stan Smith
54%
1993 French | 1994 French Sergi Bruguera
50%
1991 Wimbledon Michael Stich
46%
1990 French Andres Gomez
42%
1953 Australian | 1953 French | 1955 Australian | +5 others Ken Rosewall
42%
1954 Australian | 1958 French Mervyn Rose
42%
1980 Australian Brian Teacher
38%
1977 Australian Open-2 (For a transition) Vitas Gerulaitis
38%
1975 US Manuel Orantes
33%
1976 Australian Mark Edmondson
33%
1976 French Adriano Panatta
29%
1972 French Andres Gimeno
29%
1970 French | 1971 French | 1973 Wimbledon Jan Kodes
29%
1981 Australian | 1982 Australian Johan Kriek
29%
1977 Australian Open-1 Roscoe Tanner
29%
1916 US Richard Norris Williams
25%
1925 French | 1925 Wimbledon | 1926 US | +4 others Rene Lacoste
21%
1961 Australian | 1961 US | 1963 Australian | +9 others Roy Emerson
21%
1961 French | 1964 French | 1965 US | 1966 Wimbledon Manuel Santana
17%
1937 US | 1937 Wimbledon | 1938 Australian | +3 others Don Budge
13%
1933 US | 1934 Australian | 1934 US | +5 others Fred Perry
13%
1959 French | 1960 French Nicola Pietrangeli
13%
1920 Australasian | 1923 Australasian Pat O'Hara-Wood
13%
1931 Wimbledon Sidney Jr. Wood
13%
1966 French Tony Roche
13%
1957 Australian | 1958 Australian | 1958 US | 1958 Wimbledon Ashley Cooper
8%
1915 US | 1919 US | 1923 Wimbledon Bill Johnston
8%
1922 Australasian | 1924 Australasian | 1925 Australian James Anderson
8%
1951 French | 1952 French | 1954 Wimbledon Jaroslav Drobny
8%
1943 US Joseph Hunt
8%
1956 Australian | 1956 French | 1956 Wimbledon | 1957 Wimbledon Lew Hoad
8%
1957 US Mal Anderson
8%
1948 US | 1949 US Richard Pancho Gonzales
8%
1957 French Sven Davidson
8%
1936 Australian | 1940 Australia | 1948 Australian Adrian Quist
4%
1959 Australian | 1959 Wimbledon Alejandro Olmedo
4%
1919 Australasian (Occured in 1920) Algernon Kingscote
4%
1950 US Arthur Larsen
4%
1968 Australian Bill Bowrey
4%
1920 US | 1920 Wimbledon | 1921 US | +7 others Bill Tilden
4%
1939 US | 1939 Wimbledon | 1941 US Bobby Riggs
4%
1950 French | 1950 Wimbledon Budge Patty
4%
1963 Wimbledon Chuck McKinley
4%
1951 Australian | 1951 Wimbledon Dick Savitt
4%
1947 Australian Dinny Pails
4%
1939 French | 1940 US Donald McNeill
4%
1930 Australian Edgar Moon
4%
1931 US | 1932 US | 1932 Wimbledon Ellsworth Vines
4%
1953 Wimbledon | 1954 US E. Victor Seixas
4%
1944 US | 1945 US | 1948 French | 1949 French Frank Parker
4%
1949 Australian | 1950 Australian | 1951 US | +2 others Frank Sedgman
4%
1942 US | 1949 Wimbledon Frederick "Ted" Schroeder
4%
1965 French | 1966 US Fred Stolle
4%
1919 Wimbledon | 1922 Wimbledon | 1927 Australian Gerald Patterson
4%
1915 Australasian Gordon Lowe
4%
1934 French | 1936 French Gottfried Von Cramm
4%
1937 French Henner Henkel
4%
1926 French | 1927 Wimbledon | 1928 French | +4 others Henri Cochet
4%
1931 Australian | 1932 Australian | 1933 Australian | +3 others Jack Crawford
4%
1946 US | 1947 US | 1947 Wimbledon Jack Kramer
4%
1924 Wimbledon | 1926 Wimbledon | 1928 Australian | 1931 French Jean Borotra
4%
1939 Australian | 1946 Australian John Bromwich
4%
1929 Australian John Colin Gregory
4%
1930 US John Doeg
4%
1926 Australian John Hawkes
4%
1947 French Jozsef Asboth
4%
1952 Australian Ken McGregor
4%
1946 French Marcel Bernard
4%
1959 US | 1960 US | 1960 Wimbledon Neale Fraser
4%
1963 US Rafael Osuna
4%
1921 Australasian Rhys Gemmell
4%
1948 Wimbledon Robert Falkenburg
4%
1953 US | 1954 French | 1955 French | +2 others Tony Trabert
4%
1937 Australian Vivian Mcgrath
4%
1935 US Wilmer Allison
4%
1946 Wimbledon Yvon Petra
4%
No matching quizzes found
Score Distribution
Percent of People with Each Score
Percentile by Number Answered
Your Score History
You have not taken this quiz